[Event "Oviedo Fapa op"]
[Site "Oviedo"]
[Date "2009.12.28"]
[Round "3"]
[White "Alvarez Garcia, Jose Ramon"]
[Black "Alvarez Aguirrezabala, Luis"]
[Result "1-0"]
[WhiteElo "1894"]
[BlackElo "1775"]
[PlyCount "71"]
[EventDate "2009.12.26"]
[EventType "swiss"]
[EventRounds "9"]
[EventCountry "ESP"]
[SourceTitle "CBM 134 Extra"]
[Source "ChessBase"]
[SourceDate "2010.03.03"]
[SourceVersion "1"]
[SourceVersionDate "2010.03.03"]
[SourceQuality "1"]

1. d4 Nf6 2. c4 e6 3. Nf3 b6 4. a3 Bb7 5. Nc3 d6 6. Qc2 Nbd7 7. e4 e5 8. d5 Be7 9. b4 a5 10. Rb1 0-0 11. Be2 h6 12. 0-0 Kh7 13. Nh4 g6 14. Qd2 Ng8 15. Nf3 Bf6 16. g3 Bg7 17. h4 Ngf6 18. Kg2 Rg8 19. Rh1 Nh5 20. Ng5+ hxg5 21. hxg5 Rh8 22. Bxh5 gxh5 23. Rxh5+ Kg6 24. Rxh8 Qxh8 25. Qe2 Rf8 26. Be3 axb4 27. axb4 f5 28. Rh1 f4 29. gxf4 exf4 30. Bxf4 Qxh1+ 31. Kxh1 Rxf4 32. Qe3 Kxg5 33. Ne2 Be5 34. Nxf4 Bxf4 35. Qh3 Ne5 36. Qf5+ 1-0

[Event "Oviedo op 3rd"]
[Site "Oviedo"]
[Date "2008.07.29"]
[Round "7"]
[White "Alvarez Aguirrezabala, Luis"]
[Black "Arroyo Figuero, Fernando"]
[Result "1-0"]
[WhiteElo "1763"]
[BlackElo "1879"]
[PlyCount "63"]
[EventDate "2008.07.23"]
[EventType "swiss"]
[EventRounds "9"]
[EventCountry "ESP"]
[SourceTitle "CBM 125 Extra"]
[Source "ChessBase"]
[SourceDate "2008.09.01"]
[SourceVersion "1"]
[SourceVersionDate "2008.09.01"]
[SourceQuality "1"]

1. d4 Nf6 2. Nf3 d5 3. c4 e6 4. Nc3 Nbd7 5. Bf4 c6 6. e3 Qa5 7. Nd2 Be7 8. Bd3 0-0 9. 0-0 Qd8 10. Rc1 Re8 11. h3 Nf8 12. Nf3 Ng6 13. Bh2 Bd6 14. Bxd6 Qxd6 15. Ne2 dxc4 16. Rxc4 Bd7 17. a3 Rad8 18. Ng3 Bc8 19. Qc2 Nd7 20. Ne4 Qb8 21. h4 e5 22. h5 Ngf8 23. Neg5 exd4 24. Bxh7+ Nxh7 25. Qxh7+ Kf8 26. Qh8+ Ke7 27. Qxg7 Rf8 28. Rxd4 c5 29. Rd5 Rde8 30. Rfd1 Qc7 31. Ne5 Nb6 32. Ng6# 1-0

[Event "Gijon op 2nd"]
[Site "Gijon"]
[Date "2007.06.26"]
[Round "3.11"]
[White "Montes Vazquez, Sergio"]
[Black "Alvarez Aguirrezabala, Luis"]
[Result "1-0"]
[WhiteElo "2065"]
[BlackElo "1766"]
[PlyCount "73"]
[EventDate "2007.06.25"]
[EventType "swiss"]
[EventRounds "8"]
[EventCountry "ESP"]
[SourceTitle "CBM 119 Extra"]
[Source "ChessBase"]
[SourceDate "2007.09.04"]
[SourceVersion "1"]
[SourceVersionDate "2007.09.04"]
[SourceQuality "1"]

1. d4 Nf6 2. Bg5 g6 3. Bxf6 exf6 4. e3 Bg7 5. g3 0-0 6. Bg2 d5 7. Ne2 Na6 8. 0-0 c6 9. Nd2 Nc7 10. c4 Bf5 11. Qb3 dxc4 12. Nxc4 Be6 13. Nf4 Rb8 14. Rfc1 Re8 15. Qa3 a6 16. b4 Nd5 17. Nd3 f5 18. Qb2 Nf6 19. Nf4 Nd5 20. Nxe6 fxe6 21. a4 Qe7 22. Rab1 Nf6 23. Ne5 Nd7 24. Nxd7 Qxd7 25. b5 cxb5 26. axb5 axb5 27. Qxb5 Red8 28. Bxb7 Qe7 29. Qa6 h5 30. Rc6 Kf7 31. Rbb6 Rd7 32. Rxe6 Qd8 33. Bf3 Rc8 34. Rxg6 Rc1+ 35. Kg2 h4 36. Qa2+ Kf8 37. Qa3+ 1-0

[Event "Oviedo op"]
[Site "Oviedo"]
[Date "2006.07.07"]
[Round "7.13"]
[White "Bombin Pinera, Dionisio"]
[Black "Alvarez Aguirrezabala, Luis"]
[Result "1-0"]
[WhiteElo "2034"]
[BlackElo "1791"]
[PlyCount "75"]
[EventDate "2006.07.01"]
[EventType "swiss"]
[EventRounds "9"]
[EventCountry "ESP"]
[SourceTitle "CBM 113 Extra"]
[Source "ChessBase"]
[SourceDate "2006.09.14"]
[SourceVersion "1"]
[SourceVersionDate "2006.09.14"]
[SourceQuality "1"]

1. Nf3 Nf6 2. d4 g6 3. c4 Bg7 4. g3 d6 5. Bg2 0-0 6. 0-0 Bd7 7. Nc3 Nc6 8. d5 Nb4 9. h3 c6 10. e4 cxd5 11. cxd5 Rc8 12. Be3 b6 13. Rc1 Na6 14. Qe2 Nc5 15. Nd4 e5 16. dxe6 fxe6 17. b4 e5 18. Ndb5 Bxb5 19. Nxb5 Ncxe4 20. Nxa7 Rc3 21. Rxc3 Nxc3 22. Qc4+ d5 23. Qxc3 d4 24. Qc4+ Kh8 25. Nc6 Qd6 26. Bd2 Nd7 27. Qd5 Qc7 28. Rc1 Nf6 29. Qxe5 Qf7 30. Qxd4 Qxa2 31. Be3 b5 32. Qc5 Qa3 33. Qxb5 Nh5 34. Qc5 Qb3 35. Bd4 Qf7 36. Bd5 Qf5 37. g4 Qg5 38. Qxf8# 1-0